Officium B. Mariae Virginis juxta ritum sac. ordinis FF. Praedicatorum Reverendissimi Patris Fr. Jo. Thomae de Boxadors ejusdem Ordins Magistri Generalis jussu editum

Detalles Bibliográficos
Autor Corporativo: Iglesia Católica
Formato: Libro
Lenguaje:Undetermined
Latin
Publicado: Romae : 1766
Materias:
Colección:Banco de datos
Acervo:Monasterio de Santa Catalina de Siena de la Orden de Santo Domingo de Puebla. Puebla
Descripción Física:[13] h., 504 p. : il. ; 8º
Tema general:Liturgia
Notas:Incluye cuatro ilustraciones en grabado calcográfico
LEADER 00796nam a2200169Ia 4500
008 150723s9999 xx 000 0 und d
041 0 |a lat 
110 1 |a Iglesia Católica 
245 1 0 |a Officium B. Mariae Virginis juxta ritum sac. ordinis FF. Praedicatorum Reverendissimi Patris Fr. Jo. Thomae de Boxadors ejusdem Ordins Magistri Generalis jussu editum  
260 |a Romae :   |b ex typogr. Hermathenaea,   |c 1766 
300 |a [13] h., 504 p.   |b  : il.  |c  ; 8º 
500 |a Incluye cuatro ilustraciones en grabado calcográfico 
650 1 0 |a Liturgia  
949 |a Monasterio de Santa Catalina de Siena y Santa Ana del Convento de Dominicas del Estado de Puebla: 54 
942 |c DOMPUE 
943 |g Monasterio de Santa Catalina de Siena de la Orden de Santo Domingo de Puebla. Puebla 
999 |c 1104828  |d 1104828